1760 1377 1402 1625 1563 1110 1307 1491 1340 1291 1505 1354 1308 1991 1322 1582 1180 1942 1904 1717 1605 1054 1522 1090 1092 1806 1184 1943 1532 1092 1423 1937 1634 1185 1445 1003 1729 1962 1603 1113 1434 1293 1078 1110 1169 1464 1877 1196 1279 1047 1283 1775 1108 1264 1789 1408 1295 1841 1938 1985 1154 1700 1850 1542 1277 1853 1641 1573 1364 1461 1214 1375 1570 1884 1167 1615 1316 1353 1209 1294 1484 1047 1775 1874 1457 1291 1202 1180 1882 1280 1932 1371 1209 1414 1618 1906 1855 1226 1573 BCNSPRNW ULIB Ver.6.0+V

เปลี่ยนเป็นภาษาไทย

Change to English
 แสดงรายละเอียดบรรณานุกรม
  กลับหน้าหลัก

Brief Record : Get Marc (ISO 2709) : E-mail record : QR code < ปิดหน้าต่าง
LEADER : 00000nam 2200000uu 4500
001    13399126197
003     ULIB
008    180716s2015||||th 000 0 tha d
020    ^a9780521173803
050 00 ^aPE1128^bC172^cV.8
245 10 ^aCambridge practice tests for IELTS 8
260    ^aCambridge :^bCambridge University Press,^c2015
300    ^a176 p.:^bill. ;^c25 cm.
650 00 ^aInternational English Language Testing System.
650 00 ^aEnglish language^xExaminations, questions, etc.
650 00 ^aEnglish language^xTextbooks for foreign speakers
945    ^p0^l0^i26415
999    ^aกัณชพร จุลอักษร
รายการนี้ยังไม่มีแท็ก
คุณยังไม่ได้ล็อกอิน คุณสามารถมีกิจกรรมร่วมกับเว็บไซต์ได้ แต่ต้องล็อกอินก่อน ::
  ล็อกอิน

รายการสื่อสารสนเทศ

ลำดับที่ ประเภท เลขเรียก/บาร์โค้ด สถานที่ สถานะ
1. วิทยาศาสตร์การแพทย์ และสุขภาพ
วิทยาศาสตร์การแพทย์ และสุขภาพ
PE1128 C172 V.8 ฉ.1 
  Barcode: 26415
ห้องสมุดวิทยาเขตนครสวรรค์
►หนังสือทั่วไป:l:General Books
บนชั้น

รายการใกล้เคียง
    ชื่อเรื่อง [Cambridge practice tests for IELTS 8]

    หัวเรื่อง [International English Language Testing System.]

BibComment


ยังไม่เคยถูกคอมเมนท์

คอมเมนท์ทรัพยากรรายการนี้
  คอมเมนท์: Cambridge practi..


 Copyright 2026. Bcnsprnw @Library